000
00296nam a22001457a 4500
008
210308b ||||| |||| 00| 0 eng d
020
_a
9780135115213
041
_a
eng
080
_a
541
082
_a
541
100
_a
12
101
_a
KIM
245
_a
Chemistry
_c
Tro,J.N
942
_2
udc
_c
BK
999
_c
55993
_d
55993